[Event "LL Nord Werder3 - Kirchweyhe"]
[Site "?"]
[Date "2019.04.28"]
[Round "9.8"]
[White "Jansen, Christian"]
[Black "Vernacki, Srdjan"]
[Result "1/2-1/2"]
[WhiteElo "2102"]
[BlackElo "2486"]
[Annotator "Stephan"]
[PlyCount "89"]
[EventDate "2019.??.??"]

{100 Min. 40 Züge + 50 Min. Rest + 30 Sek.} 1. d4 c5 2. e4 cxd4 3. c3 d3 4.
Bxd3 d6 5. Nf3 Nc6 6. O-O Nf6 7. Re1 Bg4 8. Nbd2 e6 9. Qb3 Qc7 10. Nd4 Be7 11.
Nf1 O-O 12. Nxc6 bxc6 13. Be2 Bxe2 14. Rxe2 d5 15. exd5 cxd5 16. Bg5 h6 17. Bh4
Rfc8 18. Ne3 a5 19. Qa4 Qc6 20. Qxc6 Rxc6 21. Ng4 Nxg4 22. Bxe7 f6 23. f4 Kf7
24. h3 Kxe7 25. hxg4 Rc4 26. g3 Rb8 27. Rd1 Kd6 28. Kf2 e5 29. Kf3 a4 30. a3
Rc5 31. Kf2 Rb7 32. Kf3 Rb3 33. Kf2 Rc4 34. Red2 exf4 35. gxf4 Rxf4+ 36. Kg3
Rc4 37. Rxd5+ Ke6 38. Rd6+ Kf7 39. R1d2 Rb5 40. R6d5 Rxd5 41. Rxd5 Re4 42. Rb5
Re5 43. Rb4 Ra5 44. Rb7+ Kg6 45. c4 1/2-1/2